(サドンデス)東京から2000km〜4000km離れた場所を選ぶ - Statistics

General Stats
  • This quiz has been taken 10 times
  • The average score is 4 of 23
Answers on the Grid
Answers color-coded by a green-red scale on the quiz's grid according to % correct below.
温禰古丹島
青島市
沖ノ鳥島
チチハル市
スラウェシ島
寧波市
バンコク
昆明市
ホイアン
シンガポール
香港特別行政区
ウラジオストク市
宮古島市
ホーチミン
ヴィエンチャン
アッツ島
ハイラル市
ハルビン市
ペリリュー島
ウランバートル
プノンペン
石垣市
ポートモレスビー
ウルムチ市
得撫島
西寧市
瀋陽市
サイパン島
北京市
高雄市
杭州市
ハノイ
ヤクーツク
ハバロフスク市
基隆市
那覇市
パリキール
セベロクリリスク
グアム
上海市
マニラ市
イルクーツク
南鳥島
赤峰市
南京市
 
Answer Stats
Answer % Correct
北京市
56%
香港特別行政区
44%
青島市
44%
基隆市
33%
サイパン島
22%
杭州市
22%
ハノイ
22%
グアム
22%
昆明市
22%
アッツ島
11%
ペリリュー島
11%
ウランバートル
11%
西寧市
11%
高雄市
11%
ヤクーツク
11%
パリキール
11%
セベロクリリスク
11%
ホイアン
0%
ハイラル市
0%
マニラ市
0%
イルクーツク
0%
赤峰市
0%
南京市
0%
No matching quizzes found
Score Distribution
Percent of People with Each Score
Percentile by Number Answered
Your Score History
You have not taken this quiz